Quiz o Stalowej Woli - Statystyki

Ogólne statystyki
  • Ten quiz został rozwiązany 117 razy
  • Średni wynik to 5 z 15
Statystyki odpowiedzi
Pytanie Odpowiedź % Poprawnych
Jak nazywa się lokalna drużyna piłkarska Stalowej Woli? Stal Stalowa Wola
93%
W którym wieku założono Stalową Wolę? XX
86%
Jaka rzeka przepływa przez Stalową Wolę? San
83%
Kto jest prezydentem Stalowej Woli? Lucjusz Nadbereżny
48%
Czyje imię nosi Szkoła Podstawowa nr 1 w Stalowej Woli? Adama Mickiewicza
24%
Jaką nazwę nosi lokalna gazeta Stalowej Woli? Echo Dnia
21%
Jak nazywa się rzeka wpadająca do Sanu w Stalowej Woli? Łęg
21%
Jak nazywa się miejscowy teatr lalek? Bajka
17%
Jak nazywa się plac z fontanną w centrum miasta? Plac Piłsudskiego
17%
Który autor urodzony w Stalowej Woli jest znany z literatury regionalnej? Józef Włodarczyk
14%
Jak nazywa się najbardziej znany teatr działający w Stalowej Woli? Teatr {Maskarada}
14%
Czyje imię nosi lokalna Szkoła Muzyczna I i II stopnia? Ignacego Jana Paderewskiego
10%
Pod czyim wezwaniem jest główny kościół parafialny w Stalowej Woli? Najświętszego Serca Jezusowego
7%
Jak nazywa się miejscowy zespół pieśni i tańca? Stalowowolanie
7%
Czyje imię nosi I Liceum Ogólnokształcące w Stalowej Woli? Stanisława Konarskiego
3%
Nie znaleziono quizów pasujących do podanych kryteriów
Rozkład punktacji
Procent ludzi z każdym wynikiem
Percentyl według liczby udzielonych odpowiedzi
Twoja historia wyników
Nie rozwiązałeś tego quizu